000 00693nam a22002297a 4500
003 UA-OsUOA
001 95353
007 ta
008 20130227b un ||||| |||| 00| 0 ukr d
100 _aДубовик О.Ю.
700 _aГавриленко Н.В.
090 _a330(477)
_bД79
942 _cSA
040 _aUA-OsUOA
_bukr
_cUA-OsUOA
_dUA-OsUOA
245 _aДоцільність стимулювання малого та середнього бізнесу
300 _aС.15-18
955 _a0
041 _aukr
080 _a330(477)
773 0 _w95344
_tЕкономіка. Фінанси. Право.
_dК.
_d2013
_g1
650 7 _a330 Економіка взагалі
_2UDC
999 _c381603
_d381603